مكتبة جامعة عجلون الوطنية

فهرس بحث المكتبة

Normal view MARC view
  • Consumer Behaviour

Entry Topical Term

Number of records used in: 1

001 - CONTROL NUMBER

  • control field: 1779

003 - CONTROL NUMBER IDENTIFIER

  • control field: JO-AjAnu

005 - DATE AND TIME OF LATEST TRANSACTION

  • control field: 20230606070608.0

008 - FIXED-LENGTH DATA ELEMENTS

  • fixed length control field: 230606|| aca||aabn | a|a d

040 ## - CATALOGING SOURCE

  • Original cataloging agency: JO-AjAnu
  • Transcribing agency: JO-AjAnu

150 ## - HEADING--TOPICAL TERM

  • Topical term or geographic name entry element: Consumer Behaviour

670 ## - SOURCE DATA FOUND

  • Source citation: Work cat.: (JO-AjAnu)937: Evans,Martin/Ahmad Jamal/Gordon Foxall, author 1778, Consumer Behaviour